| 000 | 00563nam a2200205Ia 4500 | ||
|---|---|---|---|
| 005 | 20250508161702.0 | ||
| 008 | 008 250505s9999 xx 000 0 eng d | ||
| 037 | _aTextual | ||
| 040 |
_aFEDL _beng _cFEDL |
||
| 041 |
_aeng _2eng |
||
| 084 |
_a658, RIC _qFEDL |
||
| 100 |
_aRichards Max D _9125526 |
||
| 245 | 0 | _aReadings in management | |
| 250 | _a3rd | ||
| 260 |
_aChicago _bSouth-Western Publishing Company _c1969 |
||
| 300 | _aix,972p. | ||
| 700 |
_a Nielander William A _9771330 |
||
| 942 |
_cTEXL _h658, RIC |
||
| 999 |
_c1371545 _d1371545 |
||